1812 1937 1266 1933 1984 1161 1291 1837 1959 1372 1770 1963 1906 1092 1815 1247 1376 1760 1816 1315 1571 1914 1096 1099 1586 1907 1281 1560 1783 1442 1570 1224 1873 1588 1676 1489 1379 1108 1153 1531 1679 1095 1307 1148 1308 1688 1280 1825 1896 1843 1316 1818 1734 1171 1133 1627 1139 1774 1378 1536 1513 1566 1136 1947 1803 1604 1119 1814 1348 1740 1687 1294 1088 1273 1991 1154 1033 1296 1110 1202 1031 1031 1227 1003 1830 1056 1110 1342 1418 1666 1425 1912 1541 1628 1450 1563 1636 1633 1439 BCNSPRNW ULIB Ver.6.0+V

เปลี่ยนเป็นภาษาไทย

Change to English
 แสดงรายละเอียดบรรณานุกรม
  กลับหน้าหลัก

Brief Record : Get Marc (ISO 2709) : E-mail record : QR code < ปิดหน้าต่าง
LEADER : 00000nam 2200000uu 4500
001    13399112676
003     ULIB
008    110901s2550||||th 000 0 tha d
020    9741331487
020    9789741331482
050  4 LB1051^bส858จ 2550
100 0  สุรางค์ โค้วตระกูล
245 10 จิตวิทยาการศึกษา /^cสุรางค์ โค้วตระกูล
250    พิมพ์ครั้งที่ 7
260    กรุงเทพฯ :^bสำนักพิมพ์แห่งจุฬาลงกรณ์มหาวิทยาลัย,^c2550
300    490 หน้า :^bภาพประกอบ ;^c26 ซม.
650  4 จิตวิทยาการศึกษา
945    ^p275^l0^i019799
945    ^p275^l0^i023752
945    ^p275^l0^i023753
995    ทศพร
999 ^a ทศพร
รายการนี้ยังไม่มีแท็ก
คุณยังไม่ได้ล็อกอิน คุณสามารถมีกิจกรรมร่วมกับเว็บไซต์ได้ แต่ต้องล็อกอินก่อน ::
  ล็อกอิน

รายการสื่อสารสนเทศ

ลำดับที่ ประเภท เลขเรียก/บาร์โค้ด สถานที่ สถานะ
- ไม่พบข้อมูล -

รายการใกล้เคียง
    ผู้แต่ง [สุรางค์ โค้วตระกูล]

    หัวเรื่อง [จิตวิทยาการศึกษา]

BibComment


ยังไม่เคยถูกคอมเมนท์

คอมเมนท์ทรัพยากรรายการนี้
  คอมเมนท์: จิตวิทยาการศึกษา ..


 Copyright 2026. Bcnsprnw @Library